000 00400nam a2200145Ia 4500
008 220217s9999||||xx |||||||||||||| ||und||
020 _a0-07-05316-0
082 _a005.13 SCH
100 _aSchildt, Herbert
245 0 _aLearn C++ from the master C++: from the ground up
250 _a3rd
260 _aTata mcgraw hill
_bNew Delhi
_c2003
300 _b325
650 _aPROGRAMMING LANGUAGE
999 _c171542
_d171542